[Event "Panchavati op 2nd"]
[Site "Panchavati"]
[Date "2016.05.17"]
[Round "1"]
[White "Ganesh, A Wagh"]
[Black "Bhakti, Kulkarni"]
[Result "0-1"]
[WhiteElo "1147"]
[BlackElo "2296"]
[PlyCount "54"]
[EventDate "2016.05.17"]
[EventType "swiss"]
[EventRounds "10"]
[EventCountry "IND"]
[SourceTitle "CBM 172 Extra"]
[Source "ChessBase"]
[SourceDate "2016.06.21"]
[SourceVersion "1"]
[SourceVersionDate "2016.06.21"]
[SourceQuality "1"]

1. e4 d5 2. exd5 Qxd5 3. Nc3 Qd8 4. Bc4 Nf6 5. Nf3 e6 6. d4 Be7 7. Bd2 0-0 8. Qe2 Nc6 9. a3 Nxd4 10. Nxd4 Qxd4 11. 0-0-0 a6 12. f4 b5 13. Bb3 Qb6 14. g4 Bb7 15. Rhg1 Rfe8 16. g5 Nd7 17. Be3 Bc5 18. Bxc5 Nxc5 19. Ba2 Rad8 20. h4 Qc6 21. h5 Ne4 22. Nxe4 Qxe4 23. Qh2 Qe3+ 24. Kb1 Bf3 25. Rde1 Qd2 26. Qh3 Be2 27. Bb3 c5 0-1